| 000 | 00937nam a2200217 a 4500 | ||
|---|---|---|---|
| 001 | 21883 | ||
| 003 | CO-ViMGA | ||
| 008 | 141112s2004 ck r 000 u spa d | ||
| 040 |
_aCO-ViMGA _bspa _cCO-ViMGA |
||
| 082 | 0 | 4 | _a303.62 B646r |
| 110 |
_aAlcaldía mayor de Bogotá. Secretaría de Gobierno _931252 |
||
| 245 | 1 | 0 | _aReducción de la violencia y la delincuencia en Bogotá 1994 - 2002 |
| 260 |
_aBogotá : _bAlcaldía Mayor de Bogotá, _c2003 |
||
| 300 | _a21 | ||
| 490 | _aBogotá para vivir todos del mismo lado | ||
| 505 | _aInterpretaciones a la disminución de la violencia y la delincuencia 11 - - Programas adelantados 14 - - Fortalecimiento de la investigación criminal 20 | ||
| 590 | _aForma de adquisición : Donación - - Precio : 10000 - - Fecha de adquisición : Julio 2007 | ||
| 650 | 1 | 4 |
_aDELINCUENCIA - Bogotá (COLOMBIA) _931253 |
| 650 | 1 | 4 |
_aVIOLENCIA - ASPECTOS SOCIALES - Bogotá _931254 |
| 942 |
_2ddc _cBK |
||
| 999 |
_c30427 _d30427 |
||